<?xml version="1.0" encoding="UTF-8"?>
<record
    xmlns:xsi="http://www.w3.org/2001/XMLSchema-instance"
    xsi:schemaLocation="http://www.loc.gov/MARC21/slim http://www.loc.gov/standards/marcxml/schema/MARC21slim.xsd"
    xmlns="http://www.loc.gov/MARC21/slim">

  <leader>00525nam a2200121   4500</leader>
  <controlfield tag="001">13450</controlfield>
  <controlfield tag="007">tu</controlfield>
  <controlfield tag="008">      s1850|||||||                 ger</controlfield>
  <datafield tag="245" ind1="0" ind2="0">
    <subfield code="a">Codex nundinarius Germaniae literatae bisecularis</subfield>
    <subfield code="b">Mess-Jahrb&#xFC;cher des Deutschen Buchhandels ; von dem Erscheinen des ersten Mess-Kataloges im Jahre 1564 bis zu der Gr&#xFC;ndung des ersten Buchh&#xE4;ndler-Vereins im Jahre 1765</subfield>
    <subfield code="c">Mit einer Einleitung von Gustav Schwetschke</subfield>
  </datafield>
  <datafield tag="264" ind1=" " ind2=" ">
    <subfield code="a">Halle</subfield>
    <subfield code="b">G. Schwetschke's Verl.handlg.</subfield>
    <subfield code="c">1850</subfield>
  </datafield>
  <datafield tag="365" ind1=" " ind2=" ">
    <subfield code="c">&#x20AC;</subfield>
  </datafield>
  <datafield tag="546" ind1=" " ind2=" ">
    <subfield code="a">deutsch</subfield>
  </datafield>
  <datafield tag="999" ind1=" " ind2=" ">
    <subfield code="c">74031</subfield>
    <subfield code="d">74031</subfield>
  </datafield>
  <datafield tag="952" ind1=" " ind2=" ">
    <subfield code="0">0</subfield>
    <subfield code="1">0</subfield>
    <subfield code="2">z</subfield>
    <subfield code="4">0</subfield>
    <subfield code="7">0</subfield>
    <subfield code="a">StAFF</subfield>
    <subfield code="b">StAFF</subfield>
    <subfield code="d">2020-11-25</subfield>
    <subfield code="f">M</subfield>
    <subfield code="l">0</subfield>
    <subfield code="o">Altsignatur: HsM: 2&#xB0; 1 [19] Verweis StAFF 3-815 - BA I Tit. 34 Nr. 27</subfield>
    <subfield code="r">2020-11-25 00:00:00</subfield>
    <subfield code="w">2020-11-25</subfield>
    <subfield code="y">B</subfield>
  </datafield>
</record>
